| 000 | 00643cam a2200229 4500 | ||
|---|---|---|---|
| 001 | M1499 | ||
| 008 | 090401t1994 xxu||||| |||| 00| 0 eng d | ||
| 035 | _a(Sirsi) u32402 | ||
| 041 | _aeng | ||
| 050 | _a333.0062 | ||
| 090 | _aRICS 1994/42ABC | ||
| 100 | _aSwanston, Roy | ||
| 245 | 4 | _aThe nation and its buildings: closing the output gap: address by the President, Roy Swanston ... 12 July 1994. | |
| 260 |
_aLondon _bRICS _c1994 |
||
| 300 | _a17p. ; 30cm. | ||
| 350 | _a0 | ||
| 650 | _aPRESIDENTIAL ADDRESS | ||
| 650 | _aSPEECHES | ||
| 710 |
_aRoyal Institution of Chartered Surveyors _94900 |
||
| 942 | _n0 | ||
| 948 | _c04/03/1997 | ||
| 999 |
_c89734 _d89734 |
||